000 00713nam a22002177a 4500
005 20260305084758.0
008 230316b ||||| |||| 00| 0 eng d
020 _a9781469893419
050 _aRC76
_b.B38 2017
100 _aBickley, Lynn S.
245 _aBates' guide to physical examination and history taking /
250 _a12th ed.
260 _aPhiladelphia :
_bWolters Kluwer,
_cc2017
300 _axxviii, 1034 p. :
_bill. (chiefly color) ;
_c29 cm
500 _aIncludes bibliographical references and index.
650 _aPhysical Examination
_xmethods
650 _aMedical History Taking
_vmethods
700 _aSzilagyi, Peter G.,
700 _aHoffman, Richard M.,
942 _2lcc
_cBK
999 _c58437
_d58437